00449nam a22001817a 450000500170000000600190001700700030003600800410003901000140008002000100009403500140010403700130011808200080013124500250013926000300016427000420019430000310023620190205114043.0a|||||f|||| 00| 0 tc180720b xxu||||| |||| 00| 0 eng d aBR-003044 c05.00 aBR-003044 bA.I.C.B. a300 aTribal life in India aNew DelhibA.C.I.B.cN.D. aSector-5, Rohini,b New Delhie110085 avarious pages.c30cm (HB).